| 000 | 00422nam a2200169 i 4500 | ||
|---|---|---|---|
| 001 | bg | ||
| 100 | 1 | _aGREGOR, Alfred. | |
| 245 | 0 |
_aDer praktische Stahlbau. _nBd. 4, _pTrägerbau / _cAlfred Gregor. |
|
| 250 | _a2 Aufl. | ||
| 260 |
_aBerlin : _bVEB Verlag für Bauwesen, _c1966. |
||
| 300 | _a606 s. | ||
| 040 | _cBPK | ||
| 041 | _apol | ||
| 080 | _a624.94 | ||
| 942 | _cKS | ||
| 008 | s pl f |000 0 pol | ||
| 999 |
_c12163 _d12163 |
||
| 856 |
_uhttp://koha.tu.koszalin.pl/cgi-bin/koha/opac-detail.pl?biblionumber=12163 _yKatalog online BPK |
||